000 00691nam a2200193 i 4500
001 59936
003 ES-MaACL
005 20230906164126.0
007 t|
008 031031s1945 sp d |||| | spa d
080 _a806.0-316.3:807.5
100 1 _aEseverri Hualde, Crisóstomo.
_947721
245 1 0 _aDiccionario etimológico de helenismos españoles /
_ccompuesto por Crisóstomo Eseverri Hualde.
260 _a[Pamplona :
_bPampilonensia :
_bPublicaciones del Seminario Diocesano de Pamplona],
_c1945.
300 _a727 p. ;
_c18 cm.
650 0 4 _aLengua española-
_xHelenismos-
_vDiccionarios.
_914165
710 2 _aSeminario Diocesano de Pamplona.
_96561
852 _aES-MaACL
_jB-10489
999 _c59936
_d59936